000
00314nam a22001457a 4500
003
SGT
082
_a
658.5,ADA
100
_a
ADAM,E
245
_a
PRODUCTION AND OPERATIONS MANAGEMENT
250
_a
5TH
260
_a
NEW DELHI
_b
PHI
_c
2003
300
_a
729
650
_a
PRODUCTION MANAGEMENT
942
_2
ddc
_c
FCM
_0
7
999
_c
9668
_d
9668